000 00813cam a22002413a 4500
001 17334
003 PGUSA
005 20140828083353.0
008 051217s2005||||xxu|||||s|||||000 | eng d
040 _aPGUSA
_beng
042 _adc
050 4 _aBF
100 1 _aHilton, Warren,
_d1874-1958
245 1 0 _aInitiative Psychic Energy :
_bBeing the Sixth of a Series of Twelve Volumes on the Applications of Psychology to the Problems of Personal and Business Efficiency
_h[electronic resource] /
_cWarren Hilton
260 _bProject Gutenberg,
_c2005
506 _aPublic domain in the USA.
516 _aElectronic text
653 _aPsychology, Applied
653 _aPsychic energy (Psychoanalysis)
830 0 _aProject Gutenberg
_v17334
856 4 0 _uhttp://www.gutenberg.org/ebooks/17334
942 _cEB
999 _c246589
_d246589